Normal view
MARC view
- Macdonald, Matthew
Entry Personal Name
001 - CONTROL NUMBER
- control field: 60704
003 - CONTROL NUMBER IDENTIFIER
- control field: NUST
005 - DATE AND TIME OF LATEST TRANSACTION
- control field: 20210628202617.0
008 - FIXED-LENGTH DATA ELEMENTS
- fixed length control field: 210628|| aca||aabn | a|a d
040 ## - CATALOGING SOURCE
- Original cataloging agency: NUST
- Transcribing agency: NUST
100 ## - HEADING--PERSONAL NAME
- Personal name: Macdonald, Matthew
670 ## - SOURCE DATA FOUND
- Source citation: Work cat.: (NUST): Macdonald, Matthew, The complete reference asp.net, 2002
